书目信息 |
| 题名: |
初级中学代数第四册
|
|
| 作者: | ;湖南省教育科学研究所 编 | |
| 分册: | ||
| 出版信息: | 北京 人民教育出版社 1985.02 |
|
| 页数: | 208页 | |
| 开本: | 19cm | |
| 丛书名: | ||
| 单 册: | ||
| 中图分类: | G633.62 , G633.6 | |
| 科图分类: | ||
| 主题词: | 代数--初中--教学参考资料 , 教育--各级 | |
| 电子资源: | ||
| ISBN: | 7-107-00331-3 | |
| 000 | 00828nam0 2200265 45 | |
| 001 | 0192010834 | |
| 005 | 20040908154513.8 | |
| 010 | @dCNY0.69@a7-107-00331-3 | |
| 020 | @aCN@b92010834 | |
| 100 | @a19920901e19921989demy0chiy0121 ea | |
| 101 | 0 | @achi |
| 102 | @aCN@b110000 | |
| 105 | @ak z 000yy | |
| 106 | @ar | |
| 200 | 10 | @a初级中学代数第四册@AChu Ji Zhong Xue Dai Shu Di Si Ce@f湖南省教育科学研究所编@FHu Nan Sheng Jiao Yu Ke Xue Yan Jiu Suo Bian@e教学参考书@EJiao Xue Can Kao Shu |
| 210 | @a北京@c人民教育出版社@d1985.02 | |
| 215 | @a208页@d19cm | |
| 517 | @a教学参考书@AJiao Xue Can Kao Shu | |
| 606 | @a代数@x初中@x教学参考资料 | |
| 606 | 0 | @a教育@x各级 |
| 690 | @aG633.62@v3 | |
| 690 | @aG633.6@v3 | |
| 711 | 02 | @a湖南省教育科学研究所@4编 |
| 801 | 0 | @aCN@bNLC@c19920901 |
| 905 | @dG633.6@e165:4@f1@b210869 | |
| 初级中学代数第四册/湖南省教育科学研究所编:教学参考书.-北京:人民教育出版社,1985.02 |
| 208页;19cm |
| ISBN 7-107-00331-3:CNY0.69 |
| ● |
| 相关链接 |
|
|
|
|
正题名:初级中学代数第四册
索取号:G633.6/165:4
 
预约/预借
| 序号 | 登录号 | 条形码 | 馆藏地/架位号 | 状态 | 备注 |
| 1 | 0210869 | 001950348 | 密集书库/ [索取号:G633.6/165:4] | 在馆 | |
| 2 | 0210870 | 000241456 | 密集书库/ [索取号:G633.6/165:4] | 在馆 | |
| 3 | 0210871 | 000241517 | 密集书库/ [索取号:G633.6/165:4] | 在馆 | |
| 4 | 0210872 | 000241526 | 密集书库/ [索取号:G633.6/165:4] | 在馆 | |
| 5 | 0210873 | 000241465 | 密集书库/ [索取号:G633.6/165:4] | 在馆 |